000 00514nam a2200205Ia 4500
003 OSt
005 20220926045827.0
006 a|||||r|||| 00| 0
007 ta
008 220923b |||||||| |||| 00| 0 eng d
037 _cGeneral Book
040 _aRTL
_cRTL
_beng
041 _2eng
_aeng
082 _aW81, K3/TD1
100 _aFanon Frentz
_9350703
245 0 _aWretched of the earth
260 _c1963
942 _hW81, K3/TD1
_cGB
_2CC
999 _c678815
_d678815